000 00790cam a2200253 4500
008
049 _aMAIN
090 _aRD651
_bMCD
100 1 _aMcDivitt, Robert W.
245 1 0 _aTumors of the breast /
_cby Robert W. McDivitt, Fred W. Stewart and John W. Berg.
260 _aWashington :
_bArmed Forces Institute of Pathology,
_c1968.
300 _a156 p. :
_bill. ;
_c26 cm.
440 0 _aAtlas of tumor pathology, second series.
500 _aIncludes index.
504 _aIncludes bibliographical references.
650 0 _aBreast
_xTumors.
700 1 _aStewart, Fred W.
700 1 _aBerg, John W.
907 _a.b10394060
_b30-10-18
_c29-10-18
003
005 20230123141129.0
040 _cNUST
942 _cBOOKS
_kRD651
_mMCD
999 _c168205
_d168205